[Event "XII Festival Magistrale"]
[Site "Porto San Giorgio ITA"]
[Date "2000.08.21"]
[Round "2"]
[White "Grigore, George-Gabriel"]
[Black "Kuipers, Eelco"]
[Result "1/2-1/2"]
[WhiteElo "2508"]
[BlackElo "2271"]
[PlyCount "120"]
[EventDate "2000.08.20"]

1. d4 Nf6 2. c4 e6 3. Nc3 d5 4. cxd5 exd5 5. Bg5 Be7 6. e3 c6 7. Qc2 Nbd7 8.
Bd3 O-O 9. Nf3 Re8 10. O-O h6 11. Bf4 Bf8 12. h3 b6 13. Bh2 Bb7 14. Rad1 Qe7
15. Rfe1 Ne4 16. Ne5 Nxc3 17. bxc3 Nxe5 18. dxe5 c5 19. f4 c4 20. Be2 f6 21.
Bg4 fxe5 22. fxe5 Bc8 23. Bf3 Be6 24. Rxd5 Rad8 25. Rd4 Rc8 26. Bh5 Red8 27.
Qg6 Bf7 28. Qf5 Bxh5 29. Qxh5 Qe6 30. Red1 Be7 31. Bg3 Rf8 32. Rd7 Rf7 33. Kh2
Rcf8 34. Rxa7 Rf5 35. Qe2 h5 36. Rdd7 R8f7 37. Qc2 h4 38. Bf4 Rxe5 39. Ra8+ Rf8
40. Rxf8+ Bxf8 41. Bxe5 Qxd7 42. Qg6 b5 43. Qg4 Qxg4 44. hxg4 b4 45. cxb4 Bxb4
46. g3 h3 47. a4 c3 48. Kxh3 c2 49. Bb2 Bd2 50. g5 Bxe3 51. a5 c1=Q 52. Bxc1
Bxc1 53. Kg4 g6 54. Kf3 Ba3 55. Ke4 Bc5 56. Kd5 Be3 57. a6 Kf7 58. Kd6 Bd4 59.
Kd7 Bf2 60. g4 Bg1 1/2-1/2

[Event "XII Festival Magistrale"]
[Site "Porto San Giorgio ITA"]
[Date "2000.08.21"]
[Round "2"]
[White "Iordachescu, Viorel"]
[Black "Orlov, Andrey"]
[Result "1-0"]
[WhiteElo "2594"]
[BlackElo "2367"]
[PlyCount "73"]
[EventDate "2000.08.20"]

1. e4 e5 2. Nf3 d6 3. d4 Nd7 4. Bc4 Be7 5. dxe5 Nb6 6. Bb3 dxe5 7. Qxd8+ Bxd8
8. Nxe5 Be6 9. Nd3 Be7 10. Nc3 c6 11. Nf4 Bxb3 12. axb3 Nf6 13. Be3 O-O 14. f3
Nfd7 15. Nd3 Rfd8 16. Ke2 Nf8 17. Na4 Nxa4 18. Rxa4 a6 19. Bb6 Re8 20. Rd1 Ne6
21. f4 f6 22. f5 Nf8 23. Nc5 Bxc5 24. Bxc5 Re5 25. Bd6 Ree8 26. Kf3 Nd7 27. Bf4
Nf8 28. Rb4 b5 29. Rbd4 Kf7 30. Rd6 Rec8 31. g4 h6 32. h4 a5 33. g5 hxg5 34.
hxg5 a4 35. g6+ Ke7 36. e5 fxe5 37. Bxe5 1-0

[Event "XII Festival Magistrale"]
[Site "Porto San Giorgio ITA"]
[Date "2000.08.21"]
[Round "2"]
[White "Lazarev, Vladimir"]
[Black "Scalcione, Michelangelo"]
[Result "1-0"]
[WhiteElo "2478"]
[BlackElo "2239"]
[PlyCount "101"]
[EventDate "2000.08.20"]

1. d4 Nf6 2. c4 g6 3. Nc3 Bg7 4. e4 d6 5. h3 O-O 6. Bg5 c5 7. d5 Na6 8. Nf3 Nc7
9. Bd3 a6 10. a4 a5 11. O-O Nd7 12. Qd2 b6 13. Rac1 f6 14. Bh6 g5 15. Bxg7 Kxg7
16. Ne2 Ne5 17. Nxe5 dxe5 18. Qe3 Ne8 19. Qg3 Kh8 20. h4 Rg8 21. f3 Nd6 22.
hxg5 Rxg5 23. Qh2 Qg8 24. Kf2 Bd7 25. b3 Qg6 26. Rh1 Rg8 27. Rcg1 Rg7 28. g4
Kg8 29. Ng3 Kf8 30. Rg2 Ke8 31. Qg1 Kd8 32. Rgh2 Qf7 33. Rh4 Qg8 34. Qh2 Kc7
35. Rxh7 Bxg4 36. fxg4 Rxg4 37. Rxg7 Qxg7 38. Rg1 Qg5 39. Ne2 Rxg1 40. Qxg1 Qd2
41. Qb1 Kd7 42. Qc2 Qh6 43. Ng3 Kd8 44. Kg2 Qg5 45. Qe2 Kc7 46. Qh5 Qe3 47. Qf3
Qc1 48. Be2 Qd2 49. Qg4 Qc2 50. Qg7 Nc8 51. Qf8 1-0

[Event "XII Festival Magistrale"]
[Site "Porto San Giorgio ITA"]
[Date "2000.08.21"]
[Round "2"]
[White "Safranska, Anda"]
[Black "Palac, Mladen"]
[Result "0-1"]
[WhiteElo "2337"]
[BlackElo "2573"]
[PlyCount "22"]
[EventDate "2000.08.20"]

1. e4 c5 2. Nc3 Nc6 3. f4 g6 4. Nf3 Bg7 5. Bc4 e6 6. d3 Nge7 7. Bb3 d5 8. O-O
O-O 9. Qe1 Na5 10. Bd2 Nec6 11. Nd1 c4 0-1

[Event "XII Festival Magistrale"]
[Site "Porto San Giorgio ITA"]
[Date "2000.08.21"]
[Round "2"]
[White "Satta, Vladimiro"]
[Black "Badea, Bela"]
[Result "0-1"]
[WhiteElo "2222"]
[BlackElo "2480"]
[PlyCount "50"]
[EventDate "2000.08.20"]

1. e4 g6 2. d4 Bg7 3. Nf3 d6 4. Be2 Nd7 5. O-O e5 6. dxe5 dxe5 7. Nc3 Ngf6 8.
Bc4 O-O 9. Qe2 c6 10. Rd1 b5 11. Bxf7+ Kxf7 12. Nxe5+ Nxe5 13. Rxd8 Rxd8 14.
Bg5 h6 15. Bh4 Be6 16. f4 Nc4 17. e5 Rd2 18. Qe1 Nd5 19. Ne4 Rxc2 20. b3 Nce3
21. Bf2 Ng4 22. Nd6+ Kg8 23. Qe4 Rxf2 24. h3 Nde3 25. hxg4 Rxg2+ 0-1

[Event "XII Festival Magistrale"]
[Site "Porto San Giorgio ITA"]
[Date "2000.08.21"]
[Round "2"]
[White "Sebastianelli, Dario"]
[Black "Managadze, Nikoloz"]
[Result "0-1"]
[WhiteElo "2218"]
[BlackElo "2456"]
[PlyCount "72"]
[EventDate "2000.08.20"]

1. c4 c5 2. Nc3 e6 3. e4 Nc6 4. g3 g6 5. Bg2 Bg7 6. Nge2 Nge7 7. O-O O-O 8. d3
d6 9. f4 Rb8 10. Rb1 a6 11. a3 b5 12. cxb5 axb5 13. b4 cxb4 14. axb4 Qb6+ 15.
Kh1 Bd7 16. Qd2 Rfc8 17. Rd1 e5 18. Nd5 Nxd5 19. exd5 Ne7 20. Qa2 Bg4 21. Rf1
Nf5 22. fxe5 dxe5 23. Ng1 Rc3 24. Rb3 Rc7 25. Ra3 Rbc8 26. Ra8 Qd6 27. Rxc8+
Rxc8 28. Qa5 Qd7 29. Qa2 h6 30. Qf2 Nd4 31. Be3 Rc2 32. Bxd4 Rxf2 33. Bxf2 Bf5
34. Ra1 Bxd3 35. Ra8+ Kh7 36. Ra7 Qf5 0-1

[Event "XII Festival Magistrale"]
[Site "Porto San Giorgio ITA"]
[Date "2000.08.21"]
[Round "2"]
[White "Todorov, Todor"]
[Black "Termeulen, Albert"]
[Result "1-0"]
[WhiteElo "2481"]
[BlackElo "2242"]
[PlyCount "70"]
[EventDate "2000.08.20"]

1. e4 c5 2. Nf3 d6 3. Bb5+ Nd7 4. O-O Ngf6 5. Re1 a6 6. Bf1 b6 7. c3 Bb7 8. d3
g6 9. Nbd2 Bg7 10. d4 cxd4 11. cxd4 O-O 12. a4 Qc7 13. Ra3 Rac8 14. Rc3 Qb8 15.
Bd3 Rfd8 16. Qe2 e5 17. Bxa6 Bxa6 18. Qxa6 exd4 19. Nxd4 Nc5 20. Qb5 Nfxe4 21.
Nxe4 Bxd4 22. Rc4 Bg7 23. Ng5 d5 24. Rh4 Re8 25. Rd1 Qe5 26. Kf1 Qf5 27. Bd2
Nd3 28. Nf3 Nxb2 29. Re1 Rxe1+ 30. Nxe1 Nc4 31. Bb4 Bf6 32. Rh3 Qe4 33. Rf3 Ra8
34. g3 Bd4 35. Qd7 Ne5 1-0

[Event "XII Festival Magistrale"]
[Site "Porto San Giorgio ITA"]
[Date "2000.08.21"]
[Round "2"]
[White "Zlochevskij, Alexander"]
[Black "Rettore, Ludwig"]
[Result "1-0"]
[WhiteElo "2450"]
[BlackElo "2076"]
[PlyCount "74"]
[EventDate "2000.08.20"]

1. d4 c5 2. d5 e5 3. e4 d6 4. Nc3 Be7 5. Nf3 Bg4 6. h3 Bxf3 7. Qxf3 Bg5 8. Bxg5
Qxg5 9. Nb5 Qd8 10. Qg4 Nf6 11. Qxg7 Rg8 12. Qh6 Rg6 13. Qe3 a6 14. Nc3 Nbd7
15. g3 Qe7 16. Qf3 O-O-O 17. Nd1 Ne8 18. Ne3 Ng7 19. h4 h5 20. Bh3 Rh8 21.
O-O-O Kb8 22. Rd3 b5 23. Ra3 Kb7 24. Qe2 c4 25. Rd1 Nc5 26. Qe1 Qc7 27. Bf5
Nxf5 28. Nxf5 Ra8 29. Kb1 a5 30. f4 b4 31. Re3 exf4 32. gxf4 Rg2 33. e5 b3 34.
Nxd6+ Qxd6 35. exd6 bxc2+ 36. Ka1 a4 37. Qb4+ Kc8 1-0

[Event "XII Festival Magistrale"]
[Site "Porto San Giorgio ITA"]
[Date "2000.08.22"]
[Round "3"]
[White "Agrest, Evgenij"]
[Black "Lazarev, Vladimir"]
[Result "1/2-1/2"]
[WhiteElo "2554"]
[BlackElo "2478"]
[PlyCount "83"]
[EventDate "2000.08.20"]

1. c4 c5 2. Nf3 Nc6 3. d4 cxd4 4. Nxd4 Nf6 5. Nc3 e6 6. Bf4 Bb4 7. Ndb5 O-O 8.
Bc7 Qe7 9. Bd6 Bxd6 10. Qxd6 Qd8 11. Rd1 Ne8 12. Qd2 a6 13. Na3 d6 14. e3 Qc7
15. Be2 Bd7 16. O-O Rd8 17. Kh1 Bc8 18. e4 Nf6 19. Nc2 b6 20. Ne3 Bb7 21. a3
Ne7 22. Qc2 d5 23. cxd5 exd5 24. exd5 Nexd5 25. Ncxd5 Nxd5 26. Bf3 Qxc2 27.
Nxc2 Ba8 28. Rfe1 g6 29. h3 Kg7 30. Kh2 h5 31. Nd4 Kf6 32. Nb3 Nc7 33. Bxa8
Nxa8 34. Rc1 Rc8 35. Nd2 Rxc1 36. Rxc1 Ke7 37. Nf3 Kd6 38. Rd1+ Ke6 39. Nd4+
Kf6 40. Nc6 Ke6 41. Nd4+ Kf6 42. Nc6 1/2-1/2

[Event "XII Festival Magistrale"]
[Site "Porto San Giorgio ITA"]
[Date "2000.08.22"]
[Round "3"]
[White "Borgiani, Flavio"]
[Black "Mrdja, Milan"]
[Result "0-1"]
[WhiteElo "2222"]
[BlackElo "2431"]
[PlyCount "118"]
[EventDate "2000.08.20"]

1. b3 e5 2. Bb2 Nc6 3. c4 Nf6 4. e3 d5 5. cxd5 Nxd5 6. a3 Bd6 7. d3 O-O 8. Nd2
Re8 9. Be2 Bc5 10. Qb1 a5 11. Ne4 Bb6 12. Nf3 Bg4 13. O-O f5 14. Nc3 Nf6 15.
Na4 Ba7 16. b4 b5 17. Nc3 Rb8 18. Qa2+ Kf8 19. Ng5 Qd7 20. Bxg4 Nxg4 21. Nxh7+
Ke7 22. Nd5+ Kd8 23. h3 Nh6 24. Rac1 Rc8 25. Ng5 Qd6 26. Nf3 Qe6 27. Nc3 Qxa2
28. Nxa2 Re6 29. Rc2 axb4 30. axb4 Nf7 31. Rfc1 Kd7 32. d4 exd4 33. exd4 Rd6
34. Ne5+ Nfxe5 35. dxe5 Re6 36. Rd2+ Ke8 37. Re1 Bb6 38. Kf1 Ra8 39. Bc3 Ne7
40. f4 c6 41. Nc1 Nd5 42. Bd4 Bd8 43. Nd3 Be7 44. Rb1 Ra3 45. Rdd1 Rg6 46. Ra1
Rxa1 47. Rxa1 Rg3 48. Ra8+ Kf7 49. Ne1 Nxf4 50. Rc8 Ne6 51. Ba1 Ra3 52. Nc2 Ra6
53. Ke2 g5 54. g3 c5 55. bxc5 Nxc5 56. Bd4 Ra2 57. Kd1 Ne4 58. Rb8 Nxg3 59.
Rxb5 Ra6 0-1

[Event "XII Festival Magistrale"]
[Site "Porto San Giorgio ITA"]
[Date "2000.08.22"]
[Round "3"]
[White "Chatalbashev, Boris"]
[Black "Iordachescu, Viorel"]
[Result "1-0"]
[WhiteElo "2494"]
[BlackElo "2594"]
[PlyCount "157"]
[EventDate "2000.08.20"]

1. d4 Nf6 2. Nf3 e6 3. c4 b6 4. e3 Bb7 5. Nc3 g6 6. Bd3 c5 7. O-O Bg7 8. b3 O-O
9. Bb2 d6 10. Qe2 a6 11. Rfd1 Qc7 12. Rac1 Nbd7 13. Bb1 Rad8 14. a3 Rfe8 15. b4
Rc8 16. Bd3 Qb8 17. Bc2 Bxf3 18. gxf3 cxd4 19. Rxd4 Nh5 20. Rdd1 Ne5 21. Bb3 f5
22. f4 Nf7 23. Na4 Bxb2 24. Qxb2 Qb7 25. Qd4 Rb8 26. Rd2 Ng7 27. Nc3 Qe7 28.
Ne2 Rec8 29. Rcd1 h6 30. Ng3 Kh7 31. Kg2 Rc7 32. f3 e5 33. fxe5 dxe5 34. Qc3
Rf8 35. Rd5 h5 36. Qd2 h4 37. Ne2 Qg5+ 38. Kf2 h3 39. Ng3 Nh5 40. Rg1 Nf6 41.
Rd3 e4 42. Rd4 exf3 43. Nxf5 Qh5 44. Nh4 Ng5 45. Qd3 Re7 46. Nxg6 Qxg6 47. Rh4+
Kg7 48. Qxg6+ Kxg6 49. Bc2+ Kf7 50. Rxg5 Rd7 51. Kxf3 Rd2 52. Bf5 Rxh2 53. Rxh3
Ra2 54. Kf4 Rxa3 55. e4 Rxh3 56. Bxh3 Rh8 57. Bf5 Rh1 58. Ke5 Rf1 59. Kd6 Ne8+
60. Kc6 a5 61. bxa5 bxa5 62. e5 Ke7 63. Bd7 Re1 64. c5 a4 65. Bxe8 a3 66. Rg7+
Kxe8 67. Ra7 Re3 68. Kd6 Rd3+ 69. Ke6 Kd8 70. c6 Re3 71. Kd6 Rd3+ 72. Kc5 Rc3+
73. Kd5 Rd3+ 74. Kc4 Re3 75. Kd4 Rb3 76. e6 Rb1 77. Rxa3 Ke7 78. c7 Rd1+ 79.
Rd3 1-0

[Event "XII Festival Magistrale"]
[Site "Porto San Giorgio ITA"]
[Date "2000.08.22"]
[Round "3"]
[White "De Santis, Alessio"]
[Black "Perissinotto, Claudio"]
[Result "1-0"]
[WhiteElo "2309"]
[BlackElo "2130"]
[PlyCount "71"]
[EventDate "2000.08.20"]

1. d4 d5 2. c4 e6 3. Nc3 Be7 4. cxd5 exd5 5. Bf4 Nf6 6. e3 O-O 7. Rc1 c6 8. Bd3
Bg4 9. f3 Bh5 10. g4 Bg6 11. h4 Bd6 12. Nge2 Bxd3 13. Qxd3 Na6 14. Bg5 Re8 15.
Kf2 Nc7 16. Rcg1 Ne6 17. Qf5 Be7 18. Qd3 Nd7 19. Bxe7 Qxe7 20. g5 Rad8 21. f4
f6 22. f5 Nef8 23. Nf4 Qf7 24. Rh3 Re7 25. Rf3 b5 26. Nce2 c5 27. g6 hxg6 28.
fxg6 Qe8 29. Nxd5 Re4 30. Ng3 Rxh4 31. Nf5 Rh2+ 32. Kf1 Ne6 33. Nfe7+ Kf8 34.
Qf5 Nc7 35. Rh3 Nb6 36. Rxh2 1-0

[Event "XII Festival Magistrale"]
[Site "Porto San Giorgio ITA"]
[Date "2000.08.22"]
[Round "3"]
[White "Faraoni, Enrico"]
[Black "Baquero, Luis A."]
[Result "1/2-1/2"]
[WhiteElo "2174"]
[BlackElo "2303"]
[PlyCount "62"]
[EventDate "2000.08.20"]

1. e4 e5 2. Bc4 Nf6 3. Qe2 d6 4. h3 g6 5. Nf3 Bg7 6. c3 O-O 7. d3 Nbd7 8. Nbd2
Nc5 9. Nb3 Ne6 10. Bxe6 Bxe6 11. Be3 a5 12. Nbd2 Qe8 13. a4 Bd7 14. b3 b6 15.
c4 Nh5 16. g4 Nf4 17. Bxf4 exf4 18. Ra2 c5 19. Rg1 Qe6 20. Nb1 Rae8 21. Rc2 Bc6
22. Kd1 d5 23. exd5 Bxd5 24. Qxe6 Bxe6 25. Re2 Rd8 26. Kc2 h6 27. Nc3 Rd7 28.
Rd1 Rfd8 29. Ne5 Bxe5 30. Rxe5 Kg7 31. f3 Kf6 1/2-1/2

[Event "XII Festival Magistrale"]
[Site "Porto San Giorgio ITA"]
[Date "2000.08.22"]
[Round "3"]
[White "Foisor, Ovidiu-Doru"]
[Black "Glek, Igor V."]
[Result "0-1"]
[WhiteElo "2404"]
[BlackElo "2553"]
[PlyCount "88"]
[EventDate "2000.08.20"]

1. c4 Nf6 2. g3 c6 3. Bg2 d5 4. cxd5 cxd5 5. Nf3 Nc6 6. O-O e5 7. d4 e4 8. Ne5
Bd6 9. Bf4 O-O 10. Nc3 Re8 11. Nxc6 bxc6 12. Qd2 Bxf4 13. Qxf4 Ng4 14. Nd1 f5
15. Rc1 Bd7 16. f3 exf3 17. exf3 Nh6 18. Nc3 Qf6 19. Qd2 Re7 20. Rfe1 Rae8 21.
Kf2 g5 22. Rxe7 Rxe7 23. Re1 Rxe1 24. Kxe1 f4 25. g4 Nf7 26. Na4 Qe7+ 27. Kd1
h5 28. h3 hxg4 29. hxg4 Nd6 30. Bf1 Qh7 31. Qd3 Qg7 32. Nc5 Nc4 33. Qc3 Ne3+
34. Ke1 Be8 35. Bd3 Qh6 36. Qb4 Qh1+ 37. Kd2 Qg2+ 38. Be2 Nc4+ 39. Kd1 Ne3+ 40.
Kd2 Nc4+ 41. Kd1 Qg1+ 42. Kc2 Qf2 43. Kd1 Qxd4+ 44. Kc1 a5 0-1

[Event "XII Festival Magistrale"]
[Site "Porto San Giorgio ITA"]
[Date "2000.08.22"]
[Round "3"]
[White "Isonzo, David"]
[Black "Grigore, George-Gabriel"]
[Result "1/2-1/2"]
[WhiteElo "2250"]
[BlackElo "2508"]
[PlyCount "55"]
[EventDate "2000.08.20"]

1. e4 c6 2. d4 d5 3. Nd2 dxe4 4. Nxe4 Bf5 5. Ng3 Bg6 6. Bc4 e6 7. N1e2 Nf6 8.
O-O Bd6 9. f4 Qd7 10. Bd3 Bxd3 11. Qxd3 g6 12. Bd2 c5 13. Be3 Na6 14. Ne4 Nxe4
15. Qxe4 O-O-O 16. Rfd1 f5 17. Qf3 Qc7 18. Nc3 cxd4 19. Bxd4 Bc5 20. Bxc5 Qxc5+
21. Kh1 Nc7 22. a3 h6 23. Qg3 g5 24. Rxd8+ Rxd8 25. fxg5 hxg5 26. Qxg5 Qf2 27.
Rc1 Rh8 28. Rd1 1/2-1/2

[Event "XII Festival Magistrale"]
[Site "Porto San Giorgio ITA"]
[Date "2000.08.22"]
[Round "3"]
[White "Kuipers, Eelco"]
[Black "Zlochevskij, Alexander"]
[Result "0-1"]
[WhiteElo "2271"]
[BlackElo "2450"]
[PlyCount "44"]
[EventDate "2000.08.20"]

1. e4 c5 2. a3 Nf6 3. e5 Nd5 4. c4 Nc7 5. d4 cxd4 6. Qxd4 Nc6 7. Qc3 Ne6 8. Nf3
g6 9. c5 Bg7 10. Bb5 Qc7 11. Bxc6 Qxc6 12. Be3 Qa6 13. Qc2 b6 14. cxb6 axb6 15.
Nbd2 Bb7 16. Qc4 O-O 17. O-O d6 18. exd6 exd6 19. Qb4 b5 20. Nd4 Nxd4 21. Bxd4
Qc6 22. Nf3 Ra4 0-1

[Event "XII Festival Magistrale"]
[Site "Porto San Giorgio ITA"]
[Date "2000.08.22"]
[Round "3"]
[White "Lava, Giovanni"]
[Black "Tomescu, Vlad"]
[Result "0-1"]
[WhiteElo "2211"]
[BlackElo "2432"]
[PlyCount "114"]
[EventDate "2000.08.20"]

1. d4 b5 2. Nf3 Bb7 3. g3 e6 4. Bg2 Nf6 5. O-O Be7 6. Bg5 d6 7. Qd3 a6 8. Nbd2
Nbd7 9. e4 h6 10. Bxf6 Nxf6 11. Rfe1 c5 12. c3 O-O 13. Qc2 Rc8 14. Qb3 cxd4 15.
Nxd4 Nd7 16. Qd1 Nc5 17. N2b3 Qb6 18. Qg4 a5 19. Nxc5 dxc5 20. Ne2 e5 21. Rad1
c4 22. Nc1 Bc5 23. Qe2 Rcd8 24. Bh3 Qf6 25. Bg2 h5 26. h4 g6 27. Bf3 Kg7 28.
Kg2 Qe6 29. Rxd8 Rxd8 30. Rd1 Rxd1 31. Qxd1 Bc8 32. Ne2 b4 33. Qd5 Qxd5 34.
exd5 f5 35. Ng1 b3 36. axb3 cxb3 37. Bd1 a4 38. Nf3 Kf6 39. Nd2 e4 40. Be2 Bd7
41. Nc4 Be8 42. Kf1 Bf7 43. d6 Ke6 44. Ke1 Bxd6 45. Kd2 Bc5 46. Ne3 Be8 47. Ba6
Ke5 48. Bb7 Bd7 49. Nc4+ Kf6 50. Ne3 g5 51. hxg5+ Kxg5 52. Bd5 f4 53. Ng2 e3+
54. Ke2 fxg3 55. fxg3 a3 56. bxa3 b2 57. Ba2 Bg4+ 0-1

[Event "XII Festival Magistrale"]
[Site "Porto San Giorgio ITA"]
[Date "2000.08.22"]
[Round "3"]
[White "Managadze, Nikoloz"]
[Black "Razuvaev, Yuri S."]
[Result "1/2-1/2"]
[WhiteElo "2456"]
[BlackElo "2555"]
[PlyCount "36"]
[EventDate "2000.08.20"]

1. e4 c5 2. Nf3 d6 3. b3 Nf6 4. Nc3 Nc6 5. Bb5 e5 6. Bxc6+ bxc6 7. h3 Be7 8.
O-O h6 9. d3 Nh7 10. Nh2 Nf8 11. Ne2 Bf6 12. Bb2 Ng6 13. Ng4 Bxg4 14. hxg4 h5
15. gxh5 Rxh5 16. Ng3 Rh7 17. Nf5 Ne7 18. Ne3 Bg5 1/2-1/2

[Event "XII Festival Magistrale"]
[Site "Porto San Giorgio ITA"]
[Date "2000.08.22"]
[Round "3"]
[White "Miezis, Normunds"]
[Black "Bratanov, Zsivko"]
[Result "1-0"]
[WhiteElo "2518"]
[BlackElo "2400"]
[PlyCount "45"]
[EventDate "2000.08.20"]

1. c4 e5 2. Nc3 Bb4 3. g3 Bxc3 4. dxc3 d6 5. Bg2 Nc6 6. Nf3 h6 7. e4 Be6 8. Qe2
Qd7 9. h3 Nge7 10. Nd2 O-O 11. b3 b6 12. Nf1 f5 13. exf5 Nxf5 14. Nd2 Nfe7 15.
Ne4 a6 16. Be3 Nf5 17. Bd2 b5 18. cxb5 axb5 19. Qxb5 Rfb8 20. Qd3 Rxb3 21. Nc5
Nb4 22. Qe4 d5 23. Qxb4 1-0

[Event "XII Festival Magistrale"]
[Site "Porto San Giorgio ITA"]
[Date "2000.08.22"]
[Round "3"]
[White "Nannelli, Paolo"]
[Black "Radice, Luca"]
[Result "1/2-1/2"]
[WhiteElo "2217"]
[BlackElo "2012"]
[PlyCount "110"]
[EventDate "2000.08.20"]

1. Nf3 Nf6 2. g3 g6 3. b4 Bg7 4. Bb2 d6 5. Bg2 O-O 6. O-O e5 7. d3 Nc6 8. b5
Ne7 9. c4 h5 10. Nbd2 Nh7 11. d4 f6 12. h4 Be6 13. Qc2 Qd7 14. Rfd1 Rad8 15. a4
Qe8 16. c5 Qf7 17. Rf1 Kh8 18. a5 g5 19. hxg5 fxg5 20. Qxh7+ Kxh7 21. Nxg5+ Kg8
22. Nxf7 Bxf7 23. cxd6 Rxd6 24. Ba3 Rxd4 25. Bxe7 Rxd2 26. Bxf8 Bxf8 27. e3 b6
28. axb6 axb6 29. Bc6 Bd6 30. Rfd1 Rb2 31. Rab1 Rc2 32. Kg2 Kg7 33. Rh1 Bc5 34.
Kg1 Kf6 35. Bf3 Kg5 36. Rh4 Bg6 37. Be4 Bxe4 38. Rxe4 Kf5 39. Rh4 Kg5 40. Ra4
Kf5 41. Ra7 Be7 42. Ra4 Bc5 43. Rh4 Kg5 44. Rb3 Be7 45. Kg2 Kg6 46. Rh2 Rc4 47.
Rh1 h4 48. Kf3 hxg3 49. fxg3 e4+ 50. Kg4 Bd6 51. Rh8 Rc5 52. Rg8+ Kf6 53. Kh3
Rh5+ 54. Kg4 Rd5 55. Kh3 Rh5+ 1/2-1/2

[Event "XII Festival Magistrale"]
[Site "Porto San Giorgio ITA"]
[Date "2000.08.22"]
[Round "3"]
[White "Naumkin, Igor"]
[Black "Tocchioni, Doriano"]
[Result "1-0"]
[WhiteElo "2440"]
[BlackElo "2250"]
[PlyCount "65"]
[EventDate "2000.08.20"]

1. d4 Nf6 2. Nf3 g6 3. c4 Bg7 4. Nc3 d5 5. cxd5 Nxd5 6. Bd2 O-O 7. e4 Nxc3 8.
Bxc3 Bg4 9. Qd2 Bxf3 10. gxf3 Qd6 11. h4 Nc6 12. d5 Ne5 13. Be2 b5 14. h5 Rab8
15. f4 Nc4 16. Bxc4 bxc4 17. e5 Qd7 18. O-O-O Rb5 19. e6 fxe6 20. hxg6 hxg6 21.
Bxg7 Kxg7 22. Qc3+ Kf7 23. dxe6+ Qxe6 24. Rde1 Qd6 25. Qxc4+ Rd5 26. Rh7+ Kg8
27. Rexe7 Rxf4 28. Qb3 Qc5+ 29. Kb1 Qb5 30. Reg7+ Kf8 31. Rxc7 Kg8 32. Rh8+
Kxh8 33. Qh3+ 1-0

[Event "XII Festival Magistrale"]
[Site "Porto San Giorgio ITA"]
[Date "2000.08.22"]
[Round "3"]
[White "Rausis, Igors"]
[Black "Gorbatov, Alexej"]
[Result "1/2-1/2"]
[WhiteElo "2551"]
[BlackElo "2411"]
[PlyCount "68"]
[EventDate "2000.08.20"]

1. Nf3 Nf6 2. c4 e6 3. g3 d5 4. d4 dxc4 5. Bg2 Nc6 6. Qa4 Bb4+ 7. Bd2 Bxd2+ 8.
Nbxd2 O-O 9. Qxc4 Qe7 10. O-O e5 11. d5 Nb4 12. e4 c6 13. a3 Na6 14. dxc6 bxc6
15. Rfe1 Rd8 16. b4 Bb7 17. Nb3 Rac8 18. Rac1 c5 19. Bh3 cxb4 20. Bxc8 Rxc8 21.
Qxc8+ Bxc8 22. Rxc8+ Ne8 23. axb4 f6 24. Nc5 Nxc5 25. bxc5 Qd7 26. Rb8 Kf8 27.
Reb1 Qc6 28. Rd1 Qxe4 29. Rdd8 Qxf3 30. Rxe8+ Kf7 31. Red8 Qe4 32. Rd1 h5 33.
h4 g5 34. hxg5 h4 1/2-1/2

[Event "XII Festival Magistrale"]
[Site "Porto San Giorgio ITA"]
[Date "2000.08.22"]
[Round "3"]
[White "Rettore, Ludwig"]
[Black "Satta, Vladimiro"]
[Result "0-1"]
[WhiteElo "2076"]
[BlackElo "2222"]
[PlyCount "70"]
[EventDate "2000.08.20"]

1. e4 e6 2. d4 d5 3. Nc3 Nf6 4. Bg5 Be7 5. e5 Nfd7 6. Bxe7 Qxe7 7. f4 O-O 8.
Nf3 c5 9. Bd3 f6 10. exf6 Nxf6 11. dxc5 Qxc5 12. Qe2 Qb4 13. Qd2 Qxb2 14. Rb1
Qa3 15. O-O Nc6 16. h3 a6 17. Qe3 Qd6 18. a3 b5 19. Ne5 Bd7 20. Ne2 Rae8 21. c3
Bc8 22. Kh1 Nd7 23. Nxc6 Qxc6 24. Nd4 Qd6 25. Qg3 Rf6 26. Rbe1 Nc5 27. Bc2 Ref8
28. Qh4 g6 29. Re5 Nd7 30. Rg5 Rxf4 31. Rxf4 Rxf4 32. Qe1 e5 33. Nf5 Qf6 34.
Qg3 Nf8 35. Nh4 Ne6 0-1

[Event "XII Festival Magistrale"]
[Site "Porto San Giorgio ITA"]
[Date "2000.08.22"]
[Round "3"]
[White "Spasov, Vasil V."]
[Black "Foisor, Cristina-Adela"]
[Result "1-0"]
[WhiteElo "2593"]
[BlackElo "2386"]
[PlyCount "81"]
[EventDate "2000.08.20"]

1. e4 e6 2. d4 d5 3. Nd2 dxe4 4. Nxe4 Bd7 5. Nf3 Bc6 6. Bd3 Nd7 7. O-O Ngf6 8.
Ng3 Be7 9. Re1 Bxf3 10. Qxf3 c6 11. c3 O-O 12. Bd2 Re8 13. Rad1 Qb6 14. Bc1
Rad8 15. Bc2 a5 16. Nf1 Qc7 17. Ne3 b5 18. a4 Bd6 19. g3 Rb8 20. h4 Nb6 21. h5
h6 22. Ng4 Nxg4 23. Qxg4 f5 24. Qf3 bxa4 25. Re2 a3 26. bxa3 Re7 27. Rde1 Qd7
28. Bb3 Nd5 29. c4 Rxb3 30. Qxb3 a4 31. Qf3 Nf6 32. Bb2 Ne4 33. Rxe4 fxe4 34.
Qxe4 Qb7 35. Qc2 Qb8 36. Re3 Rb7 37. Qg6 Rf7 38. Bc3 Qb3 39. Qxe6 Bxa3 40. Be1
Qd1 41. Rxa3 1-0

[Event "XII Festival Magistrale"]
[Site "Porto San Giorgio ITA"]
[Date "2000.08.22"]
[Round "3"]
[White "Termeulen, Albert"]
[Black "Pegoraro, Nicola"]
[Result "1-0"]
[WhiteElo "2242"]
[BlackElo "2062"]
[PlyCount "95"]
[EventDate "2000.08.20"]

1. e4 c5 2. Nf3 d6 3. d4 cxd4 4. Nxd4 Nf6 5. Nc3 a6 6. Bc4 e6 7. O-O b5 8. Bb3
Bb7 9. f4 Nbd7 10. Be3 b4 11. Na4 Bxe4 12. f5 e5 13. Ne6 Qb8 14. c3 Bc6 15.
cxb4 Qxb4 16. Nc7+ Kd8 17. Nxa8 Bxa8 18. Nc3 h5 19. Qd2 Ng4 20. Bd5 Nxe3 21.
Qxe3 Bxd5 22. Nxd5 Qc5 23. Qxc5 Nxc5 24. b4 Ne4 25. Rfc1 Nf6 26. Nxf6 gxf6 27.
Rc6 Bh6 28. Rxa6 Be3+ 29. Kf1 Kd7 30. Ke2 Bd4 31. Rc1 Rg8 32. g3 h4 33. b5 hxg3
34. hxg3 Rxg3 35. b6 Bc5 36. a4 Rg2+ 37. Kd3 Rg3+ 38. Kc4 Rg4+ 39. Kb3 Rg3+ 40.
Rc3 Rg4 41. a5 Rb4+ 42. Kc2 e4 43. Ra7+ Kc6 44. Rc7+ Kd5 45. b7 e3 46. R3xc5+
dxc5 47. a6 Kd6 48. Rc8 1-0

[Event "XII Festival Magistrale"]
[Site "Porto San Giorgio ITA"]
[Date "2000.08.22"]
[Round "3"]
[White "Vianello, Enrico"]
[Black "Agrest, Svetlana"]
[Result "1/2-1/2"]
[WhiteElo "1915"]
[BlackElo "2210"]
[PlyCount "60"]
[EventDate "2000.08.20"]

1. d4 d6 2. e4 Nf6 3. Nc3 e5 4. dxe5 dxe5 5. Qxd8+ Kxd8 6. Bd2 Bd6 7. Bc4 Be6
8. Bxe6 fxe6 9. O-O-O Nc6 10. Nge2 Ke7 11. f3 a6 12. Be3 b5 13. Kb1 Rab8 14.
Nc1 a5 15. N3e2 a4 16. Rhe1 Na5 17. Nd3 Nc4 18. Bf2 b4 19. Nec1 Rb5 20. Re2 h6
21. Rf1 Nd7 22. Be1 Na5 23. f4 exf4 24. Nxf4 Ne5 25. Ncd3 Nac6 26. Nxe5 Nxe5
27. Nd3 Rf8 28. Rxf8 Kxf8 29. h3 Ke7 30. Kc1 Rb8 1/2-1/2

[Event "XII Festival Magistrale"]
[Site "Porto San Giorgio ITA"]
[Date "2000.08.23"]
[Round "4"]
[White "Aldrovandi, Costantino"]
[Black "Berra, Davide"]
[Result "1-0"]
[WhiteElo "2351"]
[BlackElo "2183"]
[PlyCount "65"]
[EventDate "2000.08.20"]

1. e4 e6 2. d4 d5 3. e5 c5 4. c3 Qb6 5. Nf3 Bd7 6. Be2 cxd4 7. cxd4 Bb5 8. Nc3
Bxe2 9. Nxe2 Nc6 10. O-O Nge7 11. Rb1 Nf5 12. g4 Nfe7 13. Ng3 Ng8 14. b4 a6 15.
Be3 g6 16. a3 Be7 17. Qd2 h5 18. gxh5 gxh5 19. h4 Qd8 20. Bg5 Qb6 21. Rfd1 Kd7
22. Ne2 Bxg5 23. Nxg5 Nh6 24. Ng3 Raf8 25. a4 Ng4 26. b5 Na5 27. bxa6 Qxa6 28.
Rb5 Nc4 29. Qb4 b6 30. N5e4 dxe4 31. Qxc4 Qb7 32. d5 Rc8 33. dxe6+ 1-0